[Event "BEL-ch U14"]
[Site "Blankenberge"]
[Date "2015.04.18"]
[Round "9"]
[White "Goffin, Kevin"]
[Black "Pirard, Natan"]
[Result "0-1"]
[WhiteElo "1599"]
[BlackElo "1875"]
[PlyCount "72"]
[EventDate "2015.04.12"]
[EventType "swiss"]
[EventRounds "9"]
[EventCountry "BEL"]
[SourceTitle "CBM 166 Extra"]
[Source "ChessBase"]
[SourceDate "2015.06.18"]
[SourceVersion "1"]
[SourceVersionDate "2015.06.18"]
[SourceQuality "1"]

1. e4 c5 2. Nf3 d6 3. g3 Nc6 4. Bg2 g6 5. 0-0 Bg7 6. c3 e5 7. d3 Nge7 8. Be3 0-0 9. Qd2 b6 10. Bh6 d5 11. Bxg7 Kxg7 12. exd5 Nxd5 13. Re1 Re8 14. c4 Nc7 15. Nc3 Rb8 16. Rad1 Bb7 17. Re2 f6 18. h4 h5 19. Ne4 Ne6 20. a3 Qe7 21. Qc3 Rbd8 22. Red2 Rd7 23. Bh3 Ncd4 24. Nxd4 exd4 25. Qc2 f5 26. Ng5 Nxg5 27. hxg5 Qxg5 28. Qa4 Rde7 29. Kh2 h4 30. gxh4 Qf4+ 31. Kg1 Qf3 32. Kh2 Qf4+ 33. Kg1 Re1+ 34. Bf1 Qg4+ 35. Kh2 Qxh4+ 36. Bh3 Qf4# 0-1